000 00611nam a22002297a 4500
003 OSt
005 20140310183029.0
008 130218t xxu||||| |||| 00| 0 eng d
020 _a9789712349232
050 _aPL 6054
_b.D584 2007
082 _aFIL 808.0427
_b.D61 2007
245 _aKomunikasyon sa akademikong Filipino
_cDoctor-Dinglasan, Resurreccion
260 _aManila
_bRex Book Store
_c2007
300 _axxii, 241 p.
_c23 cm.
521 _acollege students
526 _c1210L-1700L
541 _j2
541 _j1
541 _j3
562 _e3
942 _2lcc
_cBK
_kFIL
999 _c18426
_d18426